000
00317nam a2200133Ia 4500
008
190216s9999||||xx |||||||||||||| ||und||
100
_a
Seth M L
245
0
_a
Theory And Practice Of Economic Planning
250
_a
6th Ed.
260
_b
Sulthan Chand &co
_c
1977
300
_a
732
650
_a
Economics
942
_c
BK
999
_c
9307
_d
9307